Taylor Swift - Devine la chanson sans indices #3 - Statistiques

Statistiques générales
  • Ce quiz a été pris 1 121 fois
    565 depuis la dernière actualisation
  • Le résultat moyen est 278 sur 461
Statistiques - réponses
Réponse % Correct
I
100%
a
97%
Ah
97%
you
96%
You
96%
the
91%
me
84%
me,
84%
an
81%
it
81%
we
80%
and
76%
And
76%
your
76%
Your
76%
are
75%
so
75%
is
74%
to
74%
My
73%
my
73%
of
72%
on
72%
in
71%
when
71%
this
69%
don't
68%
no
68%
could
65%
like
65%
They
65%
they
65%
were
64%
we're
64%
off
60%
that
59%
Say
58%
want
58%
All
57%
all
57%
friend
57%
take
57%
Take
57%
dress
55%
just
55%
best
54%
I'm
54%
know
53%
But
52%
Only
52%
only
52%
name
49%
There
49%
time
49%
bought
48%
by
48%
'Cause
48%
not
48%
Our
47%
about
46%
got
46%
back
45%
everything
45%
hands
45%
can't
44%
from
44%
if
44%
us
44%
at
41%
one
40%
room
40%
up
40%
get
39%
golden
39%
saw
39%
shake,
39%
stops
39%
tattoo
39%
Made
38%
made
38%
secret
38%
shakin'
38%
shape
38%
even
37%
Even
37%
idea
37%
mark
36%
Now
36%
crowded
35%
hair
35%
met
35%
nothin'
35%
worst
35%
Flashback
34%
moments
34%
holdin'
33%
side
33%
buzzcut
32%
into
32%
silence
32%
patience
31%
patience,
31%
anticipation
30%
shaking
30%
truth
29%
waitin'
29%
woke
29%
bleached
28%
kiss
28%
times
28%
try
28%
wake
28%
indentation
26%
least
26%
electrified
25%
face
25%
thinks
25%
both
24%
burned,
24%
Carve
24%
drunk
24%
explain
24%
gonna
24%
bedpost
23%
earthquakes
23%
mistakes
23%
desperately
22%
Everyone
22%
pining
22%
rebounds
22%
bathtub
21%
lies
21%
lifeline
20%
waiting
18%
wine
18%
didn't
17%
spillin'
17%
Inescapable
15%
Aucun quiz correspondant
Distribution des résultats
% des personnes avec chaque résultat
Percentile par nombre de réponses
Votre historique - résultats
Vous n’avez pas pris ce quiz depuis la dernière actualisation